<?xml version="1.0" encoding="UTF-8"?>
<record
    xmlns:xsi="http://www.w3.org/2001/XMLSchema-instance"
    xsi:schemaLocation="http://www.loc.gov/MARC21/slim http://www.loc.gov/standards/marcxml/schema/MARC21slim.xsd"
    xmlns="http://www.loc.gov/MARC21/slim">

  <leader>01240nab a2200241 i 4500</leader>
  <controlfield tag="001">BPP</controlfield>
  <controlfield tag="003">BPK</controlfield>
  <controlfield tag="005">20160107121234.0</controlfield>
  <controlfield tag="008">141103s1991    pl  n  f     |100  0pol</controlfield>
  <datafield tag="040" ind1=" " ind2=" ">
    <subfield code="c">BPK</subfield>
  </datafield>
  <datafield tag="080" ind1=" " ind2=" ">
    <subfield code="a">621.82/.89</subfield>
  </datafield>
  <datafield tag="100" ind1=" " ind2=" ">
    <subfield code="a">GUL, Jerzy.</subfield>
    <subfield code="d">1970 - 1996.</subfield>
    <subfield code="b"> Wy&#x17C;sza Szko&#x142;a In&#x17C;ynierska w Koszalinie - Wydzia&#x142; Mechaniczny,</subfield>
    <subfield code="c">Zak&#x142;ad Podstaw Konstrukcji Maszyn</subfield>
  </datafield>
  <datafield tag="245" ind1=" " ind2=" ">
    <subfield code="a">Okre&#x15B;lenie ilo&#x15B;ci wp&#x142;ywaj&#x105;cego oleju spod jednego segmentu w hydrodynamicznym &#x142;o&#x17C;ysku &#x15B;lizgowym z wieloma klinami smarnymi /</subfield>
    <subfield code="c">Jerzy Gul.</subfield>
  </datafield>
  <datafield tag="260" ind1=" " ind2=" ">
    <subfield code="c">1991.</subfield>
  </datafield>
  <datafield tag="500" ind1=" " ind2=" ">
    <subfield code="a">Dane z autopsji.</subfield>
  </datafield>
  <datafield tag="520" ind1=" " ind2=" ">
    <subfield code="a">W opracowaniu przedstawiono rozwi&#x105;zanie teoretyczne tego zagadnienia w odniesieniu do szczeliny jak&#x105; tworzy wa&#x142; z jednym segmentem wielosegmentowego hydrodynamicznego &#x142;o&#x17C;yska &#x15B;lizgowego w przypadku, gdy ciecz podawana jest przez otw&#xF3;r w punkcie podparcia segmentu.</subfield>
  </datafield>
  <datafield tag="650" ind1=" " ind2=" ">
    <subfield code="a"> &#x141;o&#x17C;yska &#x15B;lizgowe.</subfield>
  </datafield>
  <datafield tag="650" ind1=" " ind2="0">
    <subfield code="a">Hydrodynamika.</subfield>
  </datafield>
  <datafield tag="655" ind1=" " ind2="0">
    <subfield code="a">Materia&#x142;y konferencyjne.</subfield>
  </datafield>
  <datafield tag="711" ind1=" " ind2=" ">
    <subfield code="a">Sympozjum Podstaw Konstrukcji Maszyn : Cz. 2. Komunikaty</subfield>
    <subfield code="n">(15 ;</subfield>
    <subfield code="d">1991 ;</subfield>
    <subfield code="c">Rzesz&#xF3;w, Polska).</subfield>
  </datafield>
  <datafield tag="773" ind1=" " ind2=" ">
    <subfield code="i">W :</subfield>
    <subfield code="t">Zeszyty Naukowe Politechniki Rzeszowskiej. -</subfield>
    <subfield code="g">1991, nr 79, s. 109-110</subfield>
    <subfield code="k">Mechanika z. 27</subfield>
  </datafield>
  <datafield tag="942" ind1=" " ind2=" ">
    <subfield code="c">ART</subfield>
    <subfield code="2">UKD</subfield>
  </datafield>
  <datafield tag="999" ind1=" " ind2=" ">
    <subfield code="c">6685</subfield>
    <subfield code="d">6685</subfield>
  </datafield>
  <datafield tag="952" ind1=" " ind2=" ">
    <subfield code="0">0</subfield>
    <subfield code="1">0</subfield>
    <subfield code="4">0</subfield>
    <subfield code="7">0</subfield>
    <subfield code="a">BPK</subfield>
    <subfield code="b">BPK</subfield>
    <subfield code="o">0984</subfield>
    <subfield code="y">ART</subfield>
  </datafield>
</record>
